Dead fake / (Record no. 129575)

MARC details
000 -LEADER
fixed length control field 02087cam a2200553 i 4500
001 - CONTROL NUMBER
control field 1509409853
003 - CONTROL NUMBER IDENTIFIER
control field OCoLC
005 - DATE AND TIME OF LATEST TRANSACTION
control field 20260330175658.0
008 - FIXED-LENGTH DATA ELEMENTS--GENERAL INFORMATION
fixed length control field 250317t20262025nyu d 000 1 eng
010 ## - LIBRARY OF CONGRESS CONTROL NUMBER
LC control number 2024061290
020 ## - INTERNATIONAL STANDARD BOOK NUMBER
International Standard Book Number 9781250372123
Qualifying information (trade paperback)
020 ## - INTERNATIONAL STANDARD BOOK NUMBER
International Standard Book Number 1250372127
Qualifying information (trade paperback)
020 ## - INTERNATIONAL STANDARD BOOK NUMBER
Cancelled/invalid ISBN 9781250372130
Qualifying information (ebook)
035 ## - SYSTEM CONTROL NUMBER
System control number (OCoLC)1509409853
040 ## - CATALOGING SOURCE
Original cataloging agency DLC
Language of cataloging eng
Description conventions rda
Transcribing agency DLC
Modifying agency OCLCO
-- HBP
-- OCLCO
-- MWD
-- OJ4
-- JX7
-- RNL
-- IDW
-- OCLCO
-- OPW
-- OCLCO
042 ## - AUTHENTICATION CODE
Authentication code pcc
050 00 - LIBRARY OF CONGRESS CALL NUMBER
Classification number PZ7.1.R3487
Item number De 2026
082 00 - DEWEY DECIMAL CLASSIFICATION NUMBER
Classification number [Fic]
Edition number 23
099 ## - LOCAL FREE-TEXT CALL NUMBER (OCLC)
Classification number YA
-- FICTION
-- RALPH,VI
100 1# - MAIN ENTRY--PERSONAL NAME
Personal name Ralph, Vincent,
Relator term author.
9 (RLIN) 55623
245 10 - TITLE STATEMENT
Title Dead fake /
Statement of responsibility, etc Vincent Ralph.
246 30 - VARYING FORM OF TITLE
Title proper/short title Bleak Haven.
Number of part/section of a work 1,
Name of part/section of a work Dead fake.
250 ## - EDITION STATEMENT
Edition statement First edition.
300 ## - PHYSICAL DESCRIPTION
Extent 248 pages ;
Dimensions 21 cm.
340 ## - PHYSICAL MEDIUM
Dimensions 21 cm.
490 1# - SERIES STATEMENT
Series statement Bleak Haven ;
Volume number/sequential designation 1.
520 ## - SUMMARY, ETC.
Summary, etc Sixteen-year-old Ava, niece of an infamous murderer, refuses to take part in the latest internet trend that lets users watch AI-generated versions of their deaths, but when the deaths start coming true, she must solve the mystery before she becomes the next victim.
521 ## - TARGET AUDIENCE NOTE
Target audience note Ages 13-18.
Source Wednesday Books.
650 #0 - SUBJECT ADDED ENTRY--TOPICAL TERM
Topical term or geographic name as entry element Murder
Form subdivision Fiction.
650 #0 - SUBJECT ADDED ENTRY--TOPICAL TERM
Topical term or geographic name as entry element Internet videos
Form subdivision Fiction.
9 (RLIN) 40094
650 #0 - SUBJECT ADDED ENTRY--TOPICAL TERM
Topical term or geographic name as entry element Deepfakes
Form subdivision Fiction.
9 (RLIN) 55624
650 #0 - SUBJECT ADDED ENTRY--TOPICAL TERM
Topical term or geographic name as entry element Artificial intelligence
Form subdivision Fiction.
9 (RLIN) 7243
650 #0 - SUBJECT ADDED ENTRY--TOPICAL TERM
Topical term or geographic name as entry element High school students
Form subdivision Fiction.
650 #0 - SUBJECT ADDED ENTRY--TOPICAL TERM
Topical term or geographic name as entry element Murder
Form subdivision Juvenile fiction.
650 #0 - SUBJECT ADDED ENTRY--TOPICAL TERM
Topical term or geographic name as entry element Internet videos
Form subdivision Juvenile fiction.
9 (RLIN) 55625
650 #0 - SUBJECT ADDED ENTRY--TOPICAL TERM
Topical term or geographic name as entry element Deepfakes
Form subdivision Juvenile fiction.
9 (RLIN) 55626
650 #0 - SUBJECT ADDED ENTRY--TOPICAL TERM
Topical term or geographic name as entry element Artificial intelligence
Form subdivision Juvenile fiction.
9 (RLIN) 7067
650 #0 - SUBJECT ADDED ENTRY--TOPICAL TERM
Topical term or geographic name as entry element High school students
Form subdivision Juvenile fiction.
650 #1 - SUBJECT ADDED ENTRY--TOPICAL TERM
Topical term or geographic name as entry element Mystery and detective stories.
655 #7 - INDEX TERM--GENRE/FORM
Genre/form data or focus term Horror fiction.
Source of term lcgft.
655 #7 - INDEX TERM--GENRE/FORM
Genre/form data or focus term Detective and mystery fiction.
Source of term lcgft.
655 #7 - INDEX TERM--GENRE/FORM
Genre/form data or focus term Thrillers (Fiction)
Source of term lcgft.
655 #7 - INDEX TERM--GENRE/FORM
Genre/form data or focus term Novels.
Source of term lcgft.
655 #7 - INDEX TERM--GENRE/FORM
Genre/form data or focus term Romans.
Source of term rvmgf
9 (RLIN) 40739
655 #0 - INDEX TERM--GENRE/FORM
Genre/form data or focus term Young adult fiction.
800 1# - SERIES ADDED ENTRY--PERSONAL NAME
Personal name Ralph, Vincent.
Title of a work Bleak Haven ;
Volume/sequential designation 1.
9 (RLIN) 55627
907 ## - LOCAL DATA ELEMENT G, LDG (RLIN)
a .b51428464x
942 ## - ADDED ENTRY ELEMENTS (KOHA)
Source of classification or shelving scheme Dewey Decimal Classification
Koha item type Book
Holdings
Withdrawn status Lost status Source of classification or shelving scheme Damaged status Not for loan Home library Current library Shelving location Date acquired Total Checkouts Full call number Barcode Date last seen Cost, replacement price Price effective from Koha item type
  Available Dewey Decimal Classification     Martha's Vineyard High School Library Martha's Vineyard High School Library MYSTERY 03/30/2026   FIC/RAL 39844500071313 03/30/2026 13.00 03/30/2026 Book